El libro de Ratonio : informe confidencial sobre su vida, autorizado por el personaje /
Guardado en:
| Autor Principal: | |
|---|---|
| Formato: | Libro |
| Publicado: |
Buenos Aires :
Alfaguara,
1995.
|
| Series: | Infantil. Desde 8 años
|
| Materias: | |
| Etiquetas: |
Agregar Etiqueta
Sin Etiquetas, Sea el primero en etiquetar este registro!
|
| LEADER | 00812nam a22002175a 4500 | ||
|---|---|---|---|
| 001 | CEM.cems019757 | ||
| 008 | 221017s1995##################000#0#####d | ||
| 005 | 20221017110409.0 | ||
| 245 | 1 | 0 | |a El libro de Ratonio : |b informe confidencial sobre su vida, autorizado por el personaje / |c María Cristina Ramos. |
| 260 | |a Buenos Aires : |b Alfaguara, |c 1995. | ||
| 300 | |a 78 p. | ||
| 490 | 1 | |a Infantil. Desde 8 años | |
| 020 | |a 9505112033 | ||
| 100 | 1 | |a Ramos, María Cristina. | |
| 082 | 0 | 4 | |a A863.4 |
| 653 | |a Literatura | ||
| 653 | |a Literatura juvenil | ||
| 653 | |a Novelas Infantiles | ||
| 859 | |a CEMS |b BIB. CEMS - Inicial y Primaria |h A863.4 |i R147 |k IP |p 1283 |t Ej.1 | ||
| 859 | |a CEMS |b BIB. CEMS - Inicial y Primaria |h A863.4 |i R147 |k IP |p 1172 |t Ej.2 | ||
| 859 | |a CEMS |b BIB. CEMS - Inicial y Primaria |h A863.4 |i R147 |k IP |p 3118 |t Ej.3 | ||
